| 000 | 00981cam a2200253 a 4500 | ||
|---|---|---|---|
| 001 | 000011051 | ||
| 005 | 20200929162340.0 | ||
| 008 | 030923s2003 ve ab b 000 0 spa d | ||
| 020 | _a980379051X | ||
| 040 |
_aDO-SdBNP _bspa _cBNPHU _dDLC |
||
| 082 |
_a333.9587 _bB615v |
||
| 245 | 0 | 0 |
_aBiodiversidad en Venezuela / _cMarisol Aguilera, Aura Azócar y Eduardo González Jiménez editores. |
| 260 |
_aCaracas : _bFundación Polar; _bMinisterio de Ciencia y Tecnología; _bFondo Nacional de Ciencia, Tecnología e Innovación, _c2003. |
||
| 300 |
_a2 v. : _bil., mapas ; _c25 cm. |
||
| 504 | _aIncluye referencias bibliográficas. | ||
| 650 | 4 |
_aDiversidad biológica _zVenezuela _926517 |
|
| 650 | 4 |
_aConservación de los recursos naturales _zVenezuela _926518 |
|
| 700 | 1 |
_aAguilera, Marisol, _eed. _926519 |
|
| 700 | 1 |
_aAzócar, Aura, _eed. _926520 |
|
| 700 | 1 |
_aGonzález Jiménez, Eduardo, _eed. _926521 |
|
| 910 | _aCatalogación por copia / LC | ||
| 910 | _aWM | ||
| 049 | _aBNGR | ||
| 999 |
_c10779 _d10779 |
||